<?xml version="1.0" encoding="UTF-8"?>
<marc:record xmlns:marc="http://www.loc.gov/MARC21/slim">
   <marc:leader>00000nam a2200000 a 4500</marc:leader>
   <marc:datafield ind1=" " ind2=" " tag="653">
      <marc:subfield code="a">Schematismus</marc:subfield>
   </marc:datafield>
   <marc:datafield ind1=" " ind2=" " tag="653">
      <marc:subfield code="a">Stift Altenburg</marc:subfield>
   </marc:datafield>
   <marc:datafield ind1="0" ind2="0" tag="245">
      <marc:subfield code="a">Personalstand der Benediktinerabtei zum hl. Lambert in Altenburg,  Bez. Horn (Nieder-Österreich)</marc:subfield>
   </marc:datafield>
   <marc:datafield ind1="0" ind2="0" tag="245">
      <marc:subfield code="b">mit kurzer Chronik 1918-1932 ; herausgegeben anläßlich des zehnjährigen Regierungsjubiläums Sr. Gnaden des Abtes Ambros II. Minarz 1923-1933</marc:subfield>
   </marc:datafield>
   <marc:datafield ind1=" " ind2="1" tag="264">
      <marc:subfield code="b">im Verlage des Stiftes Altenburg</marc:subfield>
      <marc:subfield code="c">1933</marc:subfield>
   </marc:datafield>
</marc:record>
